UM Logo

Human status criteria : (Record no. 20661)

MARC details
000 -LEADER
fixed length control field 01313nam a22002777a 4500
005 - DATE AND TIME OF LATEST TRANSACTION
control field 20260305105948.0
008 - FIXED-LENGTH DATA ELEMENTS--GENERAL INFORMATION
fixed length control field 240820b ||||| |||| 00| 0 eng d
082 ## - DEWEY DECIMAL CLASSIFICATION NUMBER
Classification number DPer 155.205 J826 October-December 2020 v. 119 n. 4-6
100 ## - MAIN ENTRY--PERSONAL NAME
Personal name Buss, David M.
Relator term author.
9 (RLIN) 39978
245 ## - TITLE STATEMENT
Title Human status criteria :
Remainder of title sex differences and similarities across 14 nations /
Statement of responsibility, etc. David M. Buss, Patrick K. Durkee, Brian F. Bowdle, Gary L. Brase, Todd K. Shackelford, David P. Schmitt, Jae C. Chloe, and Irina Trofimova.
260 ## - PUBLICATION, DISTRIBUTION, ETC. (IMPRINT)
Place of publication, distribution, etc. Washington, DC ;
Name of publisher, distributor, etc. American Psychological Association ,
Date of publication, distribution, etc. November 2020.
300 ## - PHYSICAL DESCRIPTION
Extent Volume 119, pages 979-998 :
Other physical details illustration ;
Dimensions 28 cm.
500 ## - GENERAL NOTE
General note Journal of Personality and Social Psychology, vol. 119, no. 5, pages 979-998, November 2020.
650 ## - SUBJECT ADDED ENTRY--TOPICAL TERM
Topical term or geographic name as entry element Ethnopsychology.
9 (RLIN) 37285
650 ## - SUBJECT ADDED ENTRY--TOPICAL TERM
Topical term or geographic name as entry element Evolution.
9 (RLIN) 18033
650 ## - SUBJECT ADDED ENTRY--TOPICAL TERM
Topical term or geographic name as entry element Sex differences (Psychology).
9 (RLIN) 28588
700 ## - ADDED ENTRY--PERSONAL NAME
Personal name Buss, David M.
Relator term author.
9 (RLIN) 39978
700 ## - ADDED ENTRY--PERSONAL NAME
Personal name Durkee, Patrick K.
Relator term author.
9 (RLIN) 58360
700 ## - ADDED ENTRY--PERSONAL NAME
Personal name Bowdle, Brian F.
Relator term author.
9 (RLIN) 58361
700 ## - ADDED ENTRY--PERSONAL NAME
Personal name Brase, Gary L.
Relator term author.
9 (RLIN) 58362
700 ## - ADDED ENTRY--PERSONAL NAME
Personal name Shackelford, Todd K.
Relator term author.
9 (RLIN) 58363
700 ## - ADDED ENTRY--PERSONAL NAME
Personal name Schmitt, David P.
Relator term author.
9 (RLIN) 58364
700 ## - ADDED ENTRY--PERSONAL NAME
Personal name Chloe, Jae C.
Relator term author.
9 (RLIN) 58365
700 ## - ADDED ENTRY--PERSONAL NAME
Personal name Trofimova, Irina.
Relator term author.
9 (RLIN) 58366
942 ## - ADDED ENTRY ELEMENTS (KOHA)
Source of classification or shelving scheme Dewey Decimal Classification
Koha item type Periodicals
Holdings
Withdrawn status Lost status Source of classification or shelving scheme Damaged status Not for loan Collection code Home library Current library Date acquired Total Checkouts Full call number Date last seen Price effective from Koha item type Public note
    Dewey Decimal Classification     Periodicals UM Digos College - LIC UM Digos College - LIC 08/20/2024   DPer 155.205 J826 October-December 2020 v. 119 n. 4-6 08/20/2024 08/20/2024 Periodicals Periodical Article